000 00622nam a2200217Ia 4500
003 OSt
005 20220926045505.0
006 a|||||r|||| 00| 0
007 ta
008 220923b |||||||| |||| 00| 0 eng d
037 _cGeneral Book
040 _aRTL
_cRTL
_beng
041 _2eng
_aeng
082 _aX4288:9.2,W,DLB, K6/EC/GD
110 _aIndia, Lok Sabha Estimate Committee, 1966-67
_9350265
245 0 _aReport 109
260 _c1966
700 _aIndia, Lok Sabha Estimate Committee, 1966-67
_9350266
942 _hX4288:9.2,W,DLB, K6/EC/GD
_cGB
_2CC
999 _c677716
_d677716